| 000 | 00813cam a2200229 4500 | ||
|---|---|---|---|
| 001 | WB3710-48 | ||
| 008 | 000000n2001 000 0 eng u | ||
| 035 | _a(Sirsi) u111322 | ||
| 245 | _aNew Church Repairs Grant | ||
| 260 | _c2001 | ||
| 490 |
_aDaily Telegraph _v8 March 2001, 4(1) |
||
| 520 | _aInstead of a promised cut in VAT on repairs, which was to be severely delayed by Brussels, in his Budget speech the Chancellor announced the introduction of a new Church Repairs Grant. This could save the Church of England £20m a year, and is the equivalent of reducing VAT to 5%. | ||
| 590 | _aWB | ||
| 650 | _aCHURCHES | ||
| 650 | _aLISTED BUILDINGS | ||
| 650 | _aVALUE ADDED TAX | ||
| 650 | _aREPAIRS | ||
| 650 | _aCHURCH OF ENGLAND | ||
| 650 | _aBUDGET 2001 | ||
| 690 | _aTAXATION | ||
| 942 | _n0 | ||
| 999 |
_c66337 _d66337 |
||